[Event "URU-ch Women 2021"]
[Site "Montevideo"]
[Date "2021.03.07"]
[Round "6.1"]
[White "Sosa, Ines"]
[Black "Larrea, Daniela"]
[Result "0-1"]
[WhiteElo "1167"]
[BlackElo "1705"]
[Annotator "NA RC"]
[PlyCount "72"]
[EventDate "2021.03.04"]
[EventType "tourn"]
[EventCountry "URU"]
[SourceTitle "playchess.com"]
[Source "ChessBase"]
[SourceQuality "1"]
[TimeControl "3600+30"]

1. e4 {[%emt 0:00:00]} c5 {[%emt 0:06:06]} 2. d4 {[%emt 0:00:00]} cxd4 {[%emt 0:00:10]} 3. c3 {[%emt 0:00:00]} d3 {[%emt 0:00:08]} 4. Bxd3 {[%emt 0:00:01]} d6 {[%emt 0:01:12]} 5. Nf3 {[%emt 0:02:39]} Nf6 {[%emt 0:00:48]} 6. c4 {[%emt 0:03:41]} g6 {[%emt 0:00:30]} 7. O-O {[%emt 0:03:21]} Bg7 {[%emt 0:00:05]} 8. Qe2 {[%emt 0:01:44]} O-O {[%emt 0:00:20]} 9. Nc3 {[%emt 0:02:03]} Nc6 {[%emt 0:02:29]} 10. Rd1 {[%emt 0:03:00]} Bg4 {[%emt 0:06:40]} 11. Be3 {[%emt 0:03:15]} Ne5 {[%emt 0:03:28]} 12. Kh1 {[%emt 0:09:31]} Qc8 {[%emt 0:02:51]} 13. Rg1 {[%emt 0:05:07]} Nh5 {[%emt 0:07:43]} 14. Qd1 {[%emt 0:03:10]} Bxf3 {[%emt 0:04:32]} 15. gxf3 {[%emt 0:00:40]} Nxc4 {[%emt 0:05:25]} 16. Qb3 {[%emt 0:09:15]} Nxe3 {[%emt 0:01:31]} 17. fxe3 {[%emt 0:00:39]} Bxc3 {[%emt 0:06:16]} 18. Qxc3 {[%emt 0:02:52]} Qxc3 {[%emt 0:00:04]} 19. bxc3 {[%emt 0:00:05]} Rac8 {[%emt 0:00:20]} 20. Rac1 {[%emt 0:01:29]} Rc5 {[%emt 0:00:04]} 21. f4 {[%emt 0:03:50]} Rfc8 {[%emt 0:00:12]} 22. Be2 {[%emt 0:01:02]} Nf6 {[%emt 0:00:28]} 23. c4 {[%emt 0:01:50]} Nxe4 {[%emt 0:01:21]} 24. Rc2 {[%emt 0:03:43]} d5 {[%emt 0:02:44]} 25. Rgc1 {[%emt 0:02:36]} Nd6 {[%emt 0:00:30]} 26. Kg2 {[%emt 0:02:17]} Nxc4 {[%emt 0:00:07]} 27. Kf2 {[%emt 0:00:44]} b6 {[%emt 0:02:45]} 28. Bf3 {[%emt 0:03:07]} e6 {[%emt 0:00:33]} 29. Ke2 {[%emt 0:01:02]} Nd6 {[%emt 0:04:52]} 30. Rxc5 {[%emt 0:01:07]} Rxc5 {[%emt 0:00:07]} 31. Rxc5 {[%emt 0:00:45]} bxc5 {[%emt 0:00:03]} 32. Kd3 {[%emt 0:00:24]} Kf8 {[%emt 0:00:46]} 33. a4 {[%emt 0:00:32]} Ke7 {[%emt 0:00:07]} 34. h3 {[%emt 0:00:34]} Kd7 {[%emt 0:00:29]} 35. h4 {[%emt 0:00:33]} f6 {[%emt 0:04:02]} 36. Bg2 {[%emt 0:00:35]} Nf5 {[%emt 0:00:25]} 0-1

[Event "URU-ch Women 2021"]
[Site "Montevideo"]
[Date "2021.03.07"]
[Round "6.2"]
[White "Quevedo, Andreina"]
[Black "Silvera, Pilar"]
[Result "1-0"]
[WhiteElo "1867"]
[BlackElo "1410"]
[Annotator "NA RC"]
[PlyCount "105"]
[EventDate "2021.03.04"]
[EventType "tourn"]
[EventCountry "URU"]
[SourceTitle "playchess.com"]
[Source "ChessBase"]
[SourceQuality "1"]
[TimeControl "3600+30"]

1. e4 {[%emt 0:00:00]} c5 {[%emt 0:04:30]} 2. Nf3 {[%emt 0:00:00]} d6 {[%emt 0:00:07]} 3. d4 {[%emt 0:00:00]} cxd4 {[%emt 0:00:08]} 4. Nxd4 {[%emt 0:00:04]} Nf6 {[%emt 0:00:11]} 5. Nc3 {[%emt 0:00:11]} g6 {[%emt 0:00:10]} 6. Be3 {[%emt 0:00:34]} Bg7 {[%emt 0:00:08]} 7. f3 {[%emt 0:00:11]} O-O {[%emt 0:00:09]} 8. Qd2 {[%emt 0:00:35]} Nc6 {[%emt 0:00:09]} 9. O-O-O {[%emt 0:00:22]} Bd7 {[%emt 0:00:07]} 10. g4 {[%emt 0:01:45]} Rc8 {[%emt 0:00:51]} 11. h4 {[%emt 0:00:43]} h5 {[%emt 0:00:08]} 12. gxh5 {[%emt 0:00:13]} Nxh5 {[%emt 0:00:08]} 13. Rg1 {[%emt 0:00:10]} Ne5 {[%emt 0:01:15]} 14. Be2 {[%emt 0:02:17]} Nc4 {[%emt 0:00:26]} 15. Bxc4 {[%emt 0:00:23]} Rxc4 {[%emt 0:00:07]} 16. Kb1 {[%emt 0:00:20]} b5 {[%emt 0:00:52]} 17. Ncxb5 {[%emt 0:06:39]} (17. b3 $16 Rc5 18. Nde2) 17... Bxb5 {[%emt 0:00:11]} (17... e5 $1 $11 {remains equal.}) 18. Nxb5 {[%emt 0:00:05] Discovered Attack} Qb8 {[%emt 0:00:08]} 19. Nd4 {[%emt 0:15:33]} Rfc8 {[%emt 0:00:24] [#]} 20. Rc1 $1 {[%emt 0:10:34]} a5 {[%emt 0:09:09]} 21. Qxa5 $2 {[%emt 0:04:34]} (21. c3 $16 {keeps the pressure on.}) 21... Rxd4 {[%emt 0:00:09]} 22. Bxd4 {[%emt 0:09:45]} Bxd4 {[%emt 0:00:28]} 23. Rxg6+ {[%emt 0:04:54]} Bg7 $2 {[%emt 0:00:10] [#]} (23... Kf8 $17 {[%csl Gd4][%cal Rb8b2]} 24. c3 fxg6 25. cxd4 Rxc1+ 26. Kxc1 Qc8+ 27. Qc3 Qa6) 24. Rxg7+ $1 {[%emt 0:00:36]} Nxg7 {[%emt 0:00:07]} 25. Qg5 {[%emt 0:01:05]} Qc7 {[%emt 0:01:03] [#]} 26. Rg1 $1 {[%emt 0:04:06]} Qxc2+ {[%emt 0:00:07]} 27. Ka1 {[%emt 0:00:04]} Kf8 {[%emt 0:00:08]} 28. Qxg7+ {[%emt 0:00:04]} Ke8 {[%emt 0:00:03]} 29. Qg5 {[%emt 0:00:53]} Rc5 {[%emt 0:00:39]} 30. Qe3 {[%emt 0:00:58]} Kd7 {[%emt 0:00:31]} 31. f4 {[%emt 0:00:42]} Qh2 {[%emt 0:01:07]} 32. Rd1 {[%emt 0:02:28]} Qc2 {[%emt 0:02:08]} 33. Qe1 {[%emt 0:03:24]} Qh2 {[%emt 0:01:01]} 34. f5 {[%emt 0:00:49]} Rc2 {[%emt 0:01:07]} 35. Qb4 {[%emt 0:01:40]} Qf4 $2 {[%emt 0:03:02]} (35... Qxh4 36. f6 Qg5 37. Qa4+ Rc6 38. fxe7 Qc5) 36. Qa4+ {[%emt 0:00:28]} Rc6 {[%emt 0:00:16]} 37. Qa7+ {[%emt 0:00:34]} Rc7 {[%emt 0:00:02]} 38. Qa4+ {[%emt 0:00:06]} Rc6 {[%emt 0:00:02]} 39. h5 {[%emt 0:00:42]} Kc7 {[%emt 0:01:26]} 40. a3 {[%emt 0:00:39]} Qh2 {[%emt 0:11:56]} 41. Qa5+ {[%emt 0:00:35]} Kc8 {[%emt 0:05:06]} 42. Qa8+ {[%emt 0:00:16]} Kc7 {[%emt 0:00:15]} 43. Qa7+ {[%emt 0:00:13]} Kc8 {[%emt 0:00:15]} 44. Qxe7 {[%emt 0:00:46]} Qxh5 45. Rxd6 Rxd6 {[%emt 0:12:57]} 46. Qxd6 {[%emt 0:00:34]} Qh1+ {[%emt 0:00:32]} 47. Ka2 {[%emt 0:00:05]} Qxe4 {[%emt 0:00:05]} 48. Qf8+ {[%emt 0:00:05] Double Attack} Kc7 {[%emt 0:09:43]} 49. Qxf7+ {[%emt 0:00:06]} Kb8 {[%emt 0:00:07]} 50. Qe6 {[%emt 0:00:15]} Qg2 {[%emt 0:05:16]} 51. f6 {[%emt 0:00:17]} Qg6 {[%emt 0:02:41]} 52. Qd6+ {[%emt 0:00:05]} Kc8 {[%emt 0:01:15]} 53. Qf8+ {[%emt 0:00:05]} 1-0

[Event "URU-ch Women 2021"]
[Site "Montevideo"]
[Date "2021.03.07"]
[Round "6.2"]
[White "Fabra, Nahiara"]
[Black "Roepke, Sofia"]
[Result "0-1"]
[WhiteElo "1184"]
[BlackElo "1589"]
[Annotator "NA RC"]
[PlyCount "56"]
[EventDate "2021.03.04"]
[EventType "tourn"]
[EventCountry "URU"]
[SourceTitle "playchess.com"]
[Source "ChessBase"]
[SourceQuality "1"]
[TimeControl "3600+30"]

1. d4 {[%emt 0:00:08]} d5 {[%emt 0:00:58]} 2. c4 {[%emt 0:00:08]} e6 {[%emt 0:00:05]} 3. Nf3 {[%emt 0:00:07]} Nf6 {[%emt 0:00:06]} 4. g3 {[%emt 0:00:20]} dxc4 {[%emt 0:01:32]} 5. Bg2 {[%emt 0:00:46]} a6 {[%emt 0:01:12]} 6. a4 {[%emt 0:01:00]} Nbd7 {[%emt 0:02:15]} 7. Qc2 {[%emt 0:00:52]} Rb8 {[%emt 0:03:19]} 8. Qxc4 {[%emt 0:04:28]} b5 {[%emt 0:01:28]} 9. axb5 {[%emt 0:05:00]} axb5 {[%emt 0:01:28]} 10. Qc2 {[%emt 0:01:14]} c5 {[%emt 0:03:33]} 11. O-O {[%emt 0:09:36]} Bb7 {[%emt 0:02:44]} 12. Rd1 {[%emt 0:07:11]} Qb6 {[%emt 0:05:27]} 13. e3 {[%emt 0:03:03]} Be7 {[%emt 0:01:32]} 14. b3 {[%emt 0:03:37]} O-O {[%emt 0:01:33]} 15. Nc3 {[%emt 0:02:37]} Rfc8 {[%emt 0:02:50]} 16. Bb2 {[%emt 0:03:52]} cxd4 {[%emt 0:01:02]} 17. Nxd4 {[%emt 0:10:55]} Bxg2 {[%emt 0:01:06]} 18. Kxg2 {[%emt 0:00:35]} b4 {[%emt 0:00:12]} 19. Na4 {[%emt 0:00:10]} Qb7+ {[%emt 0:01:04]} 20. Nc6 {[%emt 0:04:47]} Rxc6 {[%emt 0:00:32]} 21. Qe2 {[%emt 0:00:02]} Rc2+ {[%emt 0:04:40]} 22. Qf3 {[%emt 0:00:04]} Qxf3+ {[%emt 0:00:05]} 23. Kxf3 {[%emt 0:00:03]} h6 {[%emt 0:11:44]} 24. Rac1 {[%emt 0:00:30]} Rbc8 {[%emt 0:00:57]} 25. Rxc2 {[%emt 0:03:50]} Rxc2 {[%emt 0:00:05]} 26. Rd4 {[%emt 0:00:02]} Ne5+ {[%emt 0:03:34]} 27. Kf4 {[%emt 0:00:30]} Rxf2+ {[%emt 0:00:42]} 28. Kxe5 {[%emt 0:00:12]} Rf5# {[%emt 0:00:02]} 0-1

[Event "URU-ch Women 2021"]
[Site "Montevideo"]
[Date "2021.03.07"]
[Round "7.1"]
[White "Larrea, Daniela"]
[Black "Fabra, Nahiara"]
[Result "1-0"]
[WhiteElo "1705"]
[BlackElo "1419"]
[Annotator "NA RC"]
[PlyCount "89"]
[EventDate "2021.03.04"]
[EventType "tourn"]
[EventCountry "URU"]
[SourceTitle "playchess.com"]
[Source "ChessBase"]
[SourceQuality "1"]
[TimeControl "3600+30"]

1. d4 {[%emt 0:02:28]} d5 {[%emt 0:00:00]} 2. c4 {[%emt 0:00:09]} e6 {[%emt 0:00:00]} 3. Nf3 {[%emt 0:00:08]} Nf6 {[%emt 0:00:03]} 4. Nc3 {[%emt 0:00:04]} Be7 {[%emt 0:00:09]} 5. g3 {[%emt 0:01:22]} b6 {[%emt 0:00:35]} 6. Bg2 {[%emt 0:00:31]} Bb7 {[%emt 0:00:10]} 7. Ne5 {[%emt 0:01:29]} O-O {[%emt 0:01:30]} 8. O-O {[%emt 0:00:08]} Nbd7 {[%emt 0:00:21]} 9. Nd3 {[%emt 0:06:51]} c5 {[%emt 0:00:55]} 10. dxc5 {[%emt 0:01:17]} Nxc5 {[%emt 0:00:58]} 11. Nxc5 {[%emt 0:01:51]} Bxc5 {[%emt 0:00:09]} 12. cxd5 {[%emt 0:01:04]} Nxd5 {[%emt 0:00:44]} 13. Nxd5 {[%emt 0:00:18]} Bxd5 {[%emt 0:00:12]} 14. Bxd5 {[%emt 0:00:23]} Qxd5 {[%emt 0:00:36]} 15. Qxd5 {[%emt 0:00:06]} exd5 {[%emt 0:00:09]} 16. Rd1 {[%emt 0:00:09]} Rad8 {[%emt 0:00:14]} 17. a3 {[%emt 0:01:43]} a5 {[%emt 0:00:26]} 18. Bd2 {[%emt 0:01:31]} Rfe8 {[%emt 0:01:32]} 19. Kf1 {[%emt 0:00:27]} f6 {[%emt 0:01:52]} 20. Rac1 {[%emt 0:00:12]} Rc8 {[%emt 0:01:24]} 21. Bc3 {[%emt 0:02:32]} Red8 {[%emt 0:02:18]} 22. Rd3 {[%emt 0:01:25]} Rd7 {[%emt 0:02:14]} 23. Bd4 {[%emt 0:11:53]} Rdc7 {[%emt 0:01:20]} 24. Rdc3 {[%emt 0:05:33]} Kf7 {[%emt 0:02:40]} 25. Ke1 {[%emt 0:08:19]} Ke6 {[%emt 0:00:35]} 26. Kd2 {[%emt 0:00:10]} Kd7 {[%emt 0:00:49]} 27. Kd3 {[%emt 0:00:54]} Bxd4 {[%emt 0:00:26]} 28. Rxc7+ {[%emt 0:00:30]} Rxc7 {[%emt 0:00:07]} 29. Rxc7+ {[%emt 0:00:06]} Kxc7 {[%emt 0:00:07]} 30. Kxd4 {[%emt 0:00:03]} Kc6 {[%emt 0:00:28]} 31. a4 {[%emt 0:00:29]} Kd6 {[%emt 0:00:33]} 32. g4 {[%emt 0:01:41]} g6 {[%emt 0:01:08]} 33. h4 {[%emt 0:02:29]} h6 {[%emt 0:01:49]} 34. f4 {[%emt 0:05:00]} f5 {[%emt 0:01:43]} 35. g5 {[%emt 0:02:11]} h5 {[%emt 0:00:15]} 36. b3 {[%emt 0:00:49]} Ke6 {[%emt 0:00:16]} 37. Kc3 {[%emt 0:00:09]} Kd6 {[%emt 0:00:45]} 38. b4 {[%emt 0:00:12]} d4+ {[%emt 0:02:46]} 39. Kxd4 {[%emt 0:00:58]} axb4 {[%emt 0:00:08]} 40. Kc4 {[%emt 0:00:08]} b3 {[%emt 0:08:17]} 41. Kxb3 {[%emt 0:00:02]} Kc5 {[%emt 0:01:16]} 42. Kc3 {[%emt 0:00:06]} Kd5 {[%emt 0:01:16]} 43. Kd3 {[%emt 0:01:39]} Kd6 {[%emt 0:05:46]} 44. Kd4 {[%emt 0:01:02]} Ke6 {[%emt 0:05:37]} 45. e4 {[%emt 0:00:12]} 1-0

[Event "URU-ch Women 2021"]
[Site "Montevideo"]
[Date "2021.03.07"]
[Round "7.1"]
[White "Roepke, Sofia"]
[Black "Quevedo, Andreina"]
[Result "0-1"]
[WhiteElo "1589"]
[BlackElo "2049"]
[Annotator "TA"]
[PlyCount "112"]
[EventDate "2021.03.04"]
[EventType "tourn"]
[EventCountry "URU"]
[SourceTitle "playchess.com"]
[Source "ChessBase"]
[SourceQuality "1"]

{[%evp 14,112,24,5,17,17,17,-1,5,1,9,-5,-19,-50,-68,-43,-50,-73,-70,-102,-95,-122,-25,-25,-25,-31,-26,-30,-27,-29,-19,-46,-12,-20,-16,-29,-23,-44,-10,-5,-10,-20,0,-29,-22,-47,-4,-37,0,-76,-89,-89,0,0,119,139,175,-43,-22,-39,-37,-89,-42,-317,-177,-215,-218,-245,-260,-172,-175,-423,-374,-887,-883,-883,-887,-894,-886,-883,-875,-1445,-1488,-1248,-396,-5235,-3863,-2337,-2126,-6087,-6087,-29979,-29980,-29984,-29985,-29985,-29985,-29985,-29986,-29986,-29987]} 1. e4 e5 2. Nf3 Nc6 3. Bc4 Bc5 4. d3 Nf6 5. c3 d6 6. Bb3 a6 7. Nbd2 Ba7 8. Nf1 (8. O-O {is more complex.} O-O 9. Re1 h6 10. Nf1 Bd7 11. Be3) 8... Ng4 {C54: Giuoco Piano: 4 c3 Nf6, main lines with 5 d4 and 5 d3.} 9. Ne3 Nxe3 10. fxe3 O-O {The position is equal.} 11. O-O {[#]} Kh8 $146 ({Predecessor:} 11... Be6 12. Bc2 Qe7 13. Kh1 a5 14. h3 Rad8 15. Qe2 h6 {½-½ (15) Zhang,Y (1847)-Wen,Y (1809) Jiaxing 2017}) 12. Qe1 f5 13. Qh4 Qxh4 14. Nxh4 {[%cal Re4f5]} f4 {Hoping for ...g5.} 15. Kh1 {[%cal Re3f4]} g5 16. Nf3 fxe3 {[#] White must now prevent ...g4.} 17. Re1 h6 ({Black should play} 17... g4 $17 18. Ng1 Na5) 18. Bxe3 $11 Bxe3 19. Rxe3 Kg7 20. Ree1 Ne7 21. Rf1 Bg4 22. Ng1 c6 23. h3 Bh5 24. g4 Bg6 25. Be6 d5 26. Bf5 Rad8 27. Rad1 b5 28. Ne2 a5 29. Ng3 b4 30. c4 Bf7 31. c5 (31. cxd5 $11 {keeps the balance.} cxd5 32. Rc1) 31... dxe4 $17 32. dxe4 Bxa2 (32... Bc4 $17 33. Rfe1 Rd4) 33. Rd6 $11 Nxf5 (33... Kg8 $11 {remains equal.}) 34. Nxf5+ $16 Kg8 35. Nxh6+ $2 ({White must play} 35. Rg6+ $18 Kf7 36. Rxc6) 35... Kh7 $15 36. Rxf8 Rxf8 $11 {[%mdl 4096] Endgame KRB-KRN} 37. Nf5 (37. Rxc6 $15 Rf2 38. Nf5) 37... Bb1 $17 38. Ng3 $2 {[%mdl 8192] This costs White the game.} ({Better is} 38. Rd7+ $15 Kg6 39. Nd6) 38... Rf3 (38... Rf2 $142 39. Rxc6 Rxb2 40. Rc7+ Kg6) 39. Kg2 Rb3 40. Rxc6 Rxb2+ 41. Kf3 a4 {[%cal Ba5a4,Ba4a3][%mdl 32]} 42. Ra6 $2 (42. Rd6 {was the only chance.}) 42... a3 43. c6 $2 (43. Ra7+ Kg6 44. Nf5 Rb3+ 45. Ke2 Bxe4 46. Ne7+ Kf6 47. Ng8+ Kg6 48. Ne7+ Kf6 49. Ng8+ Ke6 50. Re7+ Kd5 51. Nf6+ Kc6 52. Re6+ Kxc5 53. Nxe4+ Kd4 54. Nd2 Rxh3 55. Ra6) 43... Rb3+ $19 44. Kf2 Rc3 45. Ra7+ Kg6 46. Nf5 Bxe4 47. Ne7+ Kf6 48. c7 {[#]} b3 $2 (48... Rxc7 $3 {[%mdl 512]} 49. Ng8+ Ke6 50. Rxc7 b3) 49. c8=Q $2 (49. Rxa3 Kxe7 50. Rxb3 Rxc7 51. Rb6) 49... Rxc8 50. Nxc8 b2 51. Ra6+ Kg7 52. Ra7+ Kh8 {Black mates.} 53. Rxa3 b1=Q 54. Re3 Qc2+ 55. Re2 Qc5+ 56. Re3 Bb7 {Weighted Error Value: White=0.86/Black=0.31} 0-1

[Event "URU-ch Women 2021"]
[Site "Montevideo"]
[Date "2021.03.07"]
[Round "7.2"]
[White "Silva Rosas, Natalia"]
[Black "Sosa, Ines"]
[Result "1-0"]
[WhiteElo "1771"]
[BlackElo "1167"]
[Annotator "NA"]
[PlyCount "39"]
[EventDate "2021.03.04"]
[EventType "tourn"]
[EventCountry "URU"]
[SourceTitle "playchess.com"]
[Source "ChessBase"]
[SourceQuality "1"]
[TimeControl "3600+30"]

1. b3 {[%emt 0:00:00]} d5 {[%emt 0:01:36]} 2. Bb2 {[%emt 0:00:00]} Nf6 {[%emt 0:01:17]} 3. e3 {[%emt 0:00:03]} e6 {[%emt 0:03:36]} 4. Nf3 {[%emt 0:00:36]} Nc6 {[%emt 0:01:19]} 5. Bb5 {[%emt 0:01:02]} Bd7 {[%emt 0:01:16]} 6. Bxc6 {[%emt 0:01:05]} Bxc6 {[%emt 0:00:07]} 7. Ne5 {[%emt 0:01:22]} Bd6 {[%emt 0:03:53]} 8. O-O {[%emt 0:10:02]} O-O {[%emt 0:02:45]} 9. f4 {[%emt 0:00:18]} Bb5 {[%emt 0:04:51]} 10. d3 {[%emt 0:00:16]} c6 {[%emt 0:07:16]} 11. a4 {[%emt 0:01:38]} Ba6 {[%emt 0:00:36]} 12. Rf3 {[%emt 0:00:15]} Nd7 {[%emt 0:03:47]} 13. Ng4 {[%emt 0:02:42]} Nf6 {[%emt 0:03:38]} 14. Nh6+ {[%emt 0:08:13]} gxh6 {[%emt 0:01:34]} 15. Rg3+ {[%emt 0:00:08]} Kh8 {[%emt 0:00:10]} 16. Qg4 {[%emt 0:00:12]} Rg8 {[%emt 0:00:49]} 17. Qxg8+ {[%emt 0:00:13]} Qxg8 {[%emt 0:00:13]} 18. Bxf6+ {[%emt 0:00:07]} Qg7 {[%emt 0:00:14]} 19. Rxg7 {[%emt 0:00:12]} c5 {[%emt 0:01:59]} 20. Rg6# {[%emt 0:01:02]} 1-0